7 Steps for Effective Writing/ (Record no. 173090)

MARC details
000 -LEADER
fixed length control field 00523nam a22001817a 4500
005 - DATE AND TIME OF LATEST TRANSACTION
control field 20200218125938.0
010 ## - LCCN (DPL NO)
LC control number ENG-127864
020 ## - INTERNATIONAL STANDARD BOOK NUMBER
International Standard Book Number 9789380959023
Terms of availability 495.00
035 ## - SYSTEM CONTROL NUMBER
System control number EN-111396
037 ## - SOURCE OF ACQUISITION
Source of stock number/acquisition DBAD/PUB
082 ## - DEWEY DECIMAL CLASSIFICATION NUMBER
Classification number 808
100 ## - MAIN ENTRY--PERSONAL NAME
Personal name Aggarwal,Payal
245 ## - TITLE STATEMENT
Title 7 Steps for Effective Writing/
Statement of responsibility, etc by Payal Aggarwal
260 ## - PUBLICATION, DISTRIBUTION, ETC. (IMPRINT)
Place of publication, distribution, etc New Delhi
Name of publisher, distributor, etc Akshay Books
Date of publication, distribution, etc 2016
270 ## - ADDRESS
Address 315,Hari Nagar Ashram,Mathura Road
City New Delhi
Postal code 110014
300 ## - PHYSICAL DESCRIPTION
Extent 219p.
Dimensions 23cm (hb)
942 ## - ADDED ENTRY ELEMENTS (KOHA)
Source of classification or shelving scheme Dewey Decimal Classification
Item type English Books
Classification part 808
Call number suffix AGG
Holdings
Withdrawn status Lost status Not for loan Collection code Home library Current library Date acquired Source of acquisition Cost, normal purchase price Full call number Barcode Copy number Cost, replacement price Koha item type
      Non-fiction Central Library Central Library 18/02/2020 DBAD/PUB 495.00 808 AGG EN-111396 1 495.00 English Books

© Delhi Public Library
Hit Counter
free hit counter